Statistics for European Countries with Two Vowels

Click here to take the quiz!

General Stats

  • This quiz has been taken 198 times
    (194 since last reset)
  • The average score is 9 of 11

Answer Stats

Country% Correct
Spain
93%
France
91%
Finland
84%
Sweden
84%
Norway
83%
Italy
79%
Poland
79%
Denmark
77%
Germany
76%
Hungary
64%
Malta
64%

Score Distribution

Percentile by Number Answered

Percent of People with Each Score

Your Score History

You have not taken this quiz since the last reset